Hakimlik/savcılık meslek etiği (Record no. 9172)

MARC details
000 -BAŞLIK
Sabit Uzunlukta Kontrol Alanı 00746na a2200265 4500
001 - KONTROL NUMARASI
Denetim Alanı 22371
003 - KONTROL NUMARASI IDENTIFIER
Denetim Alanı MIRAKIL
005 - SON İŞLEM TARİHİ VE ZAMANI
Denetim Alanı 20181213155237.0
008 - SABİT-BOY VERİ ELEMANLARI - GENEL BİLGİLER
Sabit Uzunlukta Kontrol Alanı 170213b tu 000 0
040 ## - KATALOGLAMA KAYNAK
Orijinal Kataloglama Ajansı Milas
Kataloglama Dili tur
Metne Dönüştürmek Ajansı TR-AnCHP
041 ## - DİL KODU
Metin / Ses Parça Veya Ayrı Başlığın Dil Kodu tur
082 ## - DEWEY ONLU SINIFLANDIRMA NUMARASI
Sınıflandırma Numarası 174.3
Ürün Numarası D35h 2001
090 ## - SINIFLAMA NUMARASI
Sınıflama Numarası 174.3 D35h 2001
100 ## - ANA GİRİŞ - KİŞİSEL İSİM
Kişisel Ad Demircioğlu, Celil
245 ## - BAŞLIK TABLOSU
Başlık Hakimlik/savcılık meslek etiği
Sorumluluk Tablosu, Vb Celil Demircioğlu, Zeki Kaner, Rüveyde Kaner
260 ## - YAYIN, DAĞITIM, VB
Yayın, Dağıtım, Vb Yeri İstanbul
Yayıncı, Dağıtıcı, Vs Adı [yayl.y.]
Yayın, Dağıtım, Vb Tarihi 2001
Üretici Firma Cem Ofset
300 ## - FİZİKSEL TANIM
Kapsam 496 s.
Boyutlar 23 sm.
650 ## - KONU KATMA GİRİŞ - TOPİKAL DÖNEM
Topikal Süreli Veya Coğrafi Ad Giriş Elemanı Savcılık
Genel Alt Bölümü Meslek etiği
650 ## - KONU KATMA GİRİŞ - TOPİKAL DÖNEM
Topikal Süreli Veya Coğrafi Ad Giriş Elemanı Hakimlik
Genel Alt Bölümü Meslek etiği
650 ## - KONU KATMA GİRİŞ - TOPİKAL DÖNEM
Topikal Süreli Veya Coğrafi Ad Giriş Elemanı Hukuk
Genel Alt Bölümü Etik
650 ## - KONU KATMA GİRİŞ - TOPİKAL DÖNEM
Topikal Süreli Veya Coğrafi Ad Giriş Elemanı Meslek etiği
Genel Alt Bölümü Hukuk
700 ## - KATMA GİRİŞ - KİŞİSEL İSİM
Kişisel Ad Kaner, Rüveyde
700 ## - KATMA GİRİŞ - KİŞİSEL İSİM
Kişisel Ad Kaner, Zeki
942 ## - EKLENDİ GİRİŞ ELEMANLARI (KOHA)
Sınıflandırma Veya Raf Düzeni Kaynak Dewey Decimal Classification
Koha Öğesi Türü Books
999 ## - SİSTEM KONTROL NUMARALARI (KOHA)
Koha Biblionumber 9172
Koha Biblioitemnumber 9172
Holdings
Kalıcı Konum Mevcut Konum Edinme Tarihi Edinim Kaynak Toplam Check-Out'Lar Tam Çağrı Numarası Barkod Tarih Son Görülme İtibaren Geçerli Fiyatlar Koha Öğesi Türü
CHP Kütüphanesi CHP Kütüphanesi 02/13/2017 Bağış   174.3 D35h 2001 012409 02/13/2017 02/13/2017 Books